[Event "Stay Safe Play From Home 365"]
[Site "Emanuel Lasker Arena"]
[Date "2020.08.07"]
[Round "1"]
[White "NTBT_DHS"]
[Black "Lamborghini"]
[Result "1-0"]
[WhiteElo "2599"]
[BlackElo "2336"]
[Annotator "TA"]
[PlyCount "59"]
[EventDate "2020.08.07"]
[EventType "swiss (blitz)"]

{[%evp 9,58,52,76,56,80,57,99,35,157,40,104,62,49,32,26,0,162,81,137,137,113,133,139,74,190,191,354,180,486,487,481,477,468,441,441,359,629,305,1019,866,932,464,513,505,511,495,663,660,29998,29999,29999]} 1. e4 c6 2. Nf3 g6 3. d4 Bg7 4. Bd3 d5 5. e5 Nh6 6. h3 {[#] B06: Modern Defence.} Nf5 $146 ({Predecessor:} 6... Na6 7. c3 Nc7 8. O-O Bf5 9. Bxh6 Bxh6 10. Bxf5 gxf5 11. Nbd2 e6 12. a4 O-O 13. Nb3 Kh8 {1-0 (87) Maltsevskaya,A (2318)-Zilbert,O (2166) Moscow 2020}) 7. g4 Nh6 8. Be3 (8. Bf4 $16) 8... c5 (8... f6 $14) 9. c3 (9. dxc5 $16 {Black must now prevent Nc3.} Ng8 10. Nc3) 9... Nc6 (9... c4 $14) 10. Qd2 Ng8 $1 11. Na3 h5 12. O-O-O c4 $2 (12... hxg4 $11 {and Black has nothing to worry.} 13. hxg4 cxd4 14. Bxd4 Nxd4 15. cxd4 Nh6) 13. Be2 ({White should try} 13. Bc2 $18) 13... a6 (13... Qa5 $142) 14. gxh5 $16 Rxh5 15. Ng5 $36 {[%mdl 2048] Keeping Black busy.} Rh8 16. h4 (16. e6 $142 Nh6 17. h4) 16... b5 (16... Bf5 $16) 17. h5 $18 {Threatens to win with hxg6.} b4 $2 (17... Bf5 18. hxg6 Bxg6 19. Rxh8 Bxh8) 18. cxb4 (18. hxg6 $142 fxg6 19. Rxh8 (19. cxb4 Nh6 $18) 19... Bxh8 20. Nxc4 $1 {[%mdl 512]} (20. cxb4 Nh6 $18) 20... dxc4 21. Rh1 (21. cxb4 Bf5 $16)) 18... Qb6 $2 (18... Bf5 {is tougher.} 19. hxg6 Bxg6 20. Rxh8 Bxh8) 19. hxg6 fxg6 20. Rxh8 Bxh8 21. Rh1 Bg7 22. Rh7 Bf8 $2 {[#]} (22... Bh6 23. Rh8 Bxg5) 23. Bf3 (23. Nxc4 $142 $1 {[%mdl 512]} Qxb4 (23... dxc4 24. d5) 24. Qxb4 Nxb4 25. Nb6) 23... e6 $2 (23... Nxb4 24. Rh8 Bf5) 24. Qc2 Nge7 {[#]} 25. Nf7 (25. Nxc4 $142 $1 {[%mdl 512]} Qxb4 (25... dxc4 26. d5) 26. Nd6+ Kd7 27. a3 Qe1+ 28. Bd1) 25... Nf5 {[#]} 26. Nd6+ $1 {[%mdl 512]} Bxd6 (26... Nxd6 27. Qxg6+) 27. exd6 Nxb4 28. Qa4+ Bd7 29. Qxd7+ {[%mdl 64] Double Attack} Kf8 30. Qf7# {Accuracy: White = 40%, Black = 16%.} 1-0

[Event "Stay Safe Play From Home 365"]
[Site "Emanuel Lasker Arena"]
[Date "2020.08.07"]
[Round "1"]
[White "Tran Minh Thang"]
[Black "Haxhi Baha"]
[Result "1-0"]
[WhiteElo "2429"]
[BlackElo "2019"]
[Annotator "TA"]
[PlyCount "71"]
[EventDate "2020.08.07"]
[EventType "swiss (blitz)"]

{[%evp 9,71,0,20,17,36,0,15,0,0,-5,93,0,41,-7,16,-10,-8,-8,197,68,59,48,41,0,27,-22,10,-32,27,0,0,0,147,141,173,146,139,129,170,145,236,175,239,176,217,196,186,102,106,101,226,200,1659,1654,1516,1496,1153,993,1343,1283,1981,2113,29983,29984]} 1. d4 d5 2. Bf4 e6 3. e3 Bd6 4. Bg3 Qe7 5. Nd2 Nd7 6. Ngf3 {D00: 1 d4 d5: Unusual lines.} b6 {[#]} 7. c4 $146 ({Predecessor:} 7. c3 Ngf6 8. Ne5 Bxe5 9. Bxe5 Nxe5 10. dxe5 Nd7 11. Bb5 Bb7 12. Bxd7+ Qxd7 13. Qg4 {0-1 (41) Ortega Sanchez,A (1794)-Torres Leao Coelho,A (1909) Padrun 2008}) 7... Bb7 8. cxd5 {The position is equal.} exd5 9. Bd3 c6 (9... Ngf6 $11) 10. Rc1 (10. Bh4 $16 Ngf6 {[#]} 11. e4 $1 {[%mdl 512]}) 10... Ngf6 11. Qc2 O-O 12. O-O Bxg3 13. hxg3 Ng4 $2 (13... Rfe8 $11 {and Black has nothing to worry.}) 14. Rfe1 (14. Bxh7+ $18 Kh8 15. Bf5) 14... Ndf6 $14 15. Bf5 g6 16. Bd3 (16. Bxg4 $5 Nxg4 17. e4 $14) 16... Rfe8 17. a3 Rac8 18. b4 c5 ({Better is} 18... Ne4 $15 19. Bxe4 dxe4) 19. bxc5 bxc5 20. dxc5 Nd7 (20... Ne4 $11) 21. Nb3 Nde5 22. Nxe5 Nxe5 23. Be2 Nc6 24. Nd4 Qe5 (24... Nxd4 $16 25. exd4 Bc6) 25. Qc3 Qg5 (25... Re7 $142 26. Bb5 Rec7 27. Bxc6 Bxc6) 26. Bb5 Re4 27. Bxc6 Bxc6 28. Nxc6 $40 {[%mdl 128] White has strong attack.} ({White should play} 28. Rb1 $18 Qd8 29. Red1) 28... Rxc6 $16 29. Qa5 h5 (29... Qe7 $16 {was called for.}) 30. Qxa7 $18 {Qa8+ is the strong threat.} h4 $2 (30... Qe7 31. Qxe7 Rxe7) 31. Qa8+ {[%mdl 64] [#] Double Attack} Kg7 32. Qxc6 hxg3 33. Rc2 Qh4 34. fxg3 Qxg3 35. Rf2 Rh4 36. Qf6+ {[%mdl 64] Double Attack. Accuracy: White = 37%, Black = 30%.} 1-0

[Event "Stay Safe Play From Home 365"]
[Site "Emanuel Lasker Arena"]
[Date "2020.08.07"]
[Round "1"]
[White "AChessPlayer"]
[Black "TheCHESSHOUSE"]
[Result "1-0"]
[WhiteElo "2426"]
[BlackElo "2037"]
[Annotator "TA"]
[PlyCount "91"]
[EventDate "2020.08.07"]
[EventType "swiss (blitz)"]

{[%evp 11,91,4,6,0,-6,-33,3,0,0,-7,5,-16,10,2,29,43,27,28,41,29,85,77,103,65,77,74,89,73,195,200,183,139,128,0,-13,0,20,-44,0,0,-8,0,152,-65,-43,-96,63,-11,16,7,0,-114,-121,-130,-125,-133,-126,-129,-128,-152,-17,-33,8,2,18,0,1338,0,0,0,14,7,68,-139,77,66,56,-208,-208,-261,-257,-362]} 1. Nf3 Nf6 2. g3 g6 3. Bg2 Bg7 4. O-O d6 5. d3 O-O 6. e4 c5 7. h3 {A05: Réti Opening: 1 Nf3 Nf6.} Nc6 8. Be3 {[#] Recently 8.Re1 got a lot of attention.} e6 $146 ({Predecessor:} 8... b5 9. Nbd2 a5 10. c3 Bd7 11. Ne1 Qc8 12. Kh2 b4 13. Rc1 Qa6 14. Qe2 Be6 15. cxb4 axb4 {0-1 (44) Mayar ElIdrissi,F (1760)-Marzouk,A (1698) Casablanca 2019}) 9. Qd2 {The position is equal.} b6 10. Bh6 Bb7 11. Nc3 Qe7 12. Rae1 Rfd8 13. Bxg7 Kxg7 14. Nh4 Nd4 15. f4 Ng8 (15... Rab8 $11) 16. Nd1 $16 Qd7 17. c3 Nc6 18. f5 exf5 19. exf5 f6 (19... Rf8 $16) 20. fxg6 $18 hxg6 21. Be4 Nce7 22. Qg2 ({White should play} 22. Bxb7 $16 Qxb7 23. Ng2) 22... d5 $11 23. Bf3 Re8 (23... g5 $5 24. Bg4 $8 Qc7 $11) 24. g4 (24. Ne3 $11) 24... Ba6 (24... g5 $5 {[%cal Rg5h4]} 25. Nf5+ Nxf5 26. gxf5 Rxe1 27. Rxe1 Re8 $15) 25. Qd2 Rad8 26. Ng2 g5 $2 (26... Nc6 $11) 27. Nge3 $2 (27. h4 $16) 27... Nh6 $36 {[%mdl 2048] Black has good play.} 28. Ng2 (28. Nf2 $15) 28... Bb7 $2 (28... Nf7 $17) 29. Rf2 (29. d4 $14) 29... Ng6 30. Rxe8 Rxe8 31. Nde3 (31. d4 $11 {keeps the balance.}) 31... d4 $17 32. cxd4 cxd4 33. Nf1 Bxf3 34. Rxf3 {Black should prevent Ng3.} Ne5 35. Rf2 Qd5 (35... Rh8 $17 {Hoping for ...Ng8.} 36. Ng3 Nhf7 37. Nf5+ Kg8) 36. Qd1 $11 Re7 37. Ng3 Re6 38. Nh5+ Kg6 $2 {[%mdl 8192] [#]} (38... Kf7 $11) 39. Qf1 $2 ({Better is} 39. Ngf4+ $1 $18 {[%mdl 512]} gxf4 40. Nxf4+ {[%mdl 64] Double Attack} Kg7 41. Nxd5) 39... Qc6 40. Ng3 Qb5 41. Ne1 Qc6 (41... Qc5 $11) 42. Ne4 $2 {[#]} (42. Nf5 $14 Qd5 43. Nc2) 42... Nhxg4 $2 (42... Nxd3 $1 $17 {[%mdl 512]} 43. Rxf6+ (43. Nxd3 Qxe4) 43... Rxf6 44. Qxd3 Rf4 45. Ng3+ Kf7 46. Qh7+ Kf8 47. Qxa7 Nf7) 43. hxg4 Nxg4 44. Rg2 $2 {[%mdl 8192]} (44. Rc2 $14 {stays ahead.} Qd7 45. Re2) 44... Ne3 $1 $19 {[%csl LRf1,LRg2][%mdl 64] Double Attack} 45. Qf3 {aiming for Rh2.} Nxg2 46. Nxg2 {[%mdl 32768] A wild game. Accuracy: White = 56%, Black = 44%. . Loss on time!?} (46. Kxg2 $142 f5 47. Ng3) 1-0

[Event "Stay Safe Play From Home 365"]
[Site "Emanuel Lasker Arena"]
[Date "2020.08.07"]
[Round "1"]
[White "BrainThinker22"]
[Black "Cirovicz"]
[Result "1-0"]
[WhiteElo "2332"]
[BlackElo "1780"]
[Annotator "NA"]
[PlyCount "97"]
[EventDate "2020.08.07"]
[EventType "swiss (blitz)"]

1. e4 {[%emt 0:00:01]} e5 {[%emt 0:00:02]} 2. Nf3 {[%emt 0:00:01]} Nc6 {[%emt 0:00:01]} 3. d4 {[%emt 0:00:00]} d6 {[%emt 0:00:00]} 4. Bc4 {[%emt 0:00:03]} exd4 {[%emt 0:00:01]} 5. c3 {[%emt 0:00:01]} Bg4 {[%emt 0:00:02]} 6. Qb3 {[%emt 0:00:02]} Qd7 {[%emt 0:00:03]} 7. Nxd4 {[%emt 0:00:03]} Nxd4 {[%emt 0:00:01]} 8. cxd4 {[%emt 0:00:00]} c6 {[%emt 0:00:02]} 9. f3 {[%emt 0:00:02]} Be6 {[%emt 0:00:01]} 10. O-O {[%emt 0:00:02]} Bxc4 {[%emt 0:00:02]} 11. Qxc4 {[%emt 0:00:00]} O-O-O {[%emt 0:00:01]} 12. Nc3 {[%emt 0:00:01]} d5 {[%emt 0:00:01]} 13. exd5 {[%emt 0:00:01]} Kb8 {[%emt 0:00:02]} 14. dxc6 {[%emt 0:00:01]} Qxc6 {[%emt 0:00:01]} 15. Qxf7 {[%emt 0:00:02]} Nh6 {[%emt 0:00:05]} 16. Bf4+ {[%emt 0:00:03]} Ka8 {[%emt 0:00:02]} 17. Qb3 {[%emt 0:00:10]} Rxd4 {[%emt 0:00:02]} 18. Rad1 {[%emt 0:00:03]} Bc5 {[%emt 0:00:01]} 19. Rxd4 {[%emt 0:00:05]} Bxd4+ {[%emt 0:00:01]} 20. Kh1 {[%emt 0:00:00]} Bxc3 {[%emt 0:00:01]} 21. Qxc3 {[%emt 0:00:00]} Qxc3 {[%emt 0:00:01]} 22. bxc3 {[%emt 0:00:00]} Nf5 {[%emt 0:00:01]} 23. g4 {[%emt 0:00:02]} Nh4 {[%emt 0:00:01]} 24. Bg3 {[%emt 0:00:00]} Ng6 {[%emt 0:00:01]} 25. Rd1 {[%emt 0:00:01]} Rf8 {[%emt 0:00:01]} 26. Kg2 {[%emt 0:00:01]} a5 {[%emt 0:00:01]} 27. Rd7 {[%emt 0:00:01]} Rg8 {[%emt 0:00:02]} 28. Bf2 {[%emt 0:00:01]} b5 {[%emt 0:00:02]} 29. Ra7+ {[%emt 0:00:02]} Kb8 {[%emt 0:00:01]} 30. Rxa5 {[%emt 0:00:00]} Nf4+ {[%emt 0:00:01]} 31. Kg3 {[%emt 0:00:01]} Ne2+ {[%emt 0:00:01]} 32. Kg2 {[%emt 0:00:01]} Nxc3 {[%emt 0:00:01]} 33. Bd4 {[%emt 0:00:02]} Ne2 {[%emt 0:00:01]} 34. Rxb5+ {[%emt 0:00:00]} Kc7 {[%emt 0:00:01]} 35. Be3 {[%emt 0:00:00]} Nc3 {[%emt 0:00:02]} 36. Rc5+ {[%emt 0:00:00]} Kd6 {[%emt 0:00:00]} 37. Rxc3 {[%emt 0:00:00]} Re8 {[%emt 0:00:01]} 38. Rd3+ {[%emt 0:00:00]} Kc6 {[%emt 0:00:02]} 39. Bf2 {[%emt 0:00:00]} Kb5 {[%emt 0:00:00]} 40. Re3 {[%emt 0:00:00]} Kc4 {[%emt 0:00:00]} 41. Rxe8 {[%emt 0:00:01]} g6 {[%emt 0:00:00]} 42. Rh8 {[%emt 0:00:00]} h5 {[%emt 0:00:00]} 43. Rh7 {[%emt 0:00:00]} hxg4 {[%emt 0:00:01]} 44. Rg7 {[%emt 0:00:00]} Kd3 {[%emt 0:00:00]} 45. Rxg6 {[%emt 0:00:00]} Kc2 {[%emt 0:00:00]} 46. fxg4 {[%emt 0:00:00]} Kb2 {[%emt 0:00:01]} 47. Re6 {[%emt 0:00:00]} Kxa2 {[%emt 0:00:00]} 48. Re3 {[%emt 0:00:00]} Kb2 {[%emt 0:00:01]} 49. g5 {[%emt 0:00:00] Time Time Time Time Time (Lag: Av=0.82s, max=1.3s) (Lag: Av=0.82s, max=1.3s) (Lag: Av=0.82s, max=1.3s) (Lag: Av=0.82s, max=1.3s) (Lag: Av=0.82s, max=1.3s)} 1-0

[Event "Stay Safe Play From Home 365"]
[Site "Emanuel Lasker Arena"]
[Date "2020.08.07"]
[Round "1"]
[White "Hickey"]
[Black "Klasman"]
[Result "1-0"]
[WhiteElo "2126"]
[BlackElo "1420"]
[Annotator "RC"]
[PlyCount "29"]
[EventDate "2020.08.07"]
[EventType "swiss (blitz)"]

1. Nf3 {[%emt 0:00:02]} f5 {[%emt 0:00:46]} 2. g3 {[%emt 0:00:00]} Nf6 {[%emt 0:00:02]} 3. Bg2 {[%emt 0:00:01]} d5 {[%emt 0:00:01]} 4. O-O {[%emt 0:00:00]} e6 {[%emt 0:00:01]} 5. d4 {[%emt 0:00:00]} c6 {[%emt 0:00:01]} 6. Ne5 {[%emt 0:00:00]} Be7 {[%emt 0:00:01]} 7. Nd2 {[%emt 0:00:01]} Nbd7 {[%emt 0:00:01]} 8. Ndf3 {[%emt 0:00:00]} Nxe5 {[%emt 0:00:01]} 9. Nxe5 {[%emt 0:00:00]} Bd7 {[%emt 0:00:01]} 10. Bg5 {[%emt 0:00:01]} O-O {[%emt 0:00:01]} 11. Bxf6 {[%emt 0:00:01]} Bxf6 {[%emt 0:00:01]} 12. e3 {[%emt 0:00:03]} Bxe5 {[%emt 0:00:01]} 13. dxe5 {[%emt 0:00:01]} Qb6 {[%emt 0:00:01]} 14. Qd4 {[%emt 0:00:01]} Qxd4 {[%emt 0:00:02]} 15. exd4 {[%emt 0:00:00] Time Time Time Time Time (Lag: Av=0.76s, max=0.9s) (Lag: Av=0.76s, max=0.9s) (Lag: Av=0.76s, max=0.9s) (Lag: Av=0.76s, max=0.9s) (Lag: Av=0.76s, max=0.9s)} 1-0

[Event "Stay Safe Play From Home 365"]
[Site "Emanuel Lasker Arena"]
[Date "2020.08.07"]
[Round "1"]
[White "Batabat1955"]
[Black "Trotsky"]
[Result "0-1"]
[WhiteElo "1962"]
[BlackElo "1506"]
[Annotator "NA"]
[PlyCount "60"]
[EventDate "2020.08.07"]
[EventType "swiss (blitz)"]

1. d3 {[%emt 0:00:21]} d5 {[%emt 0:00:02]} 2. e4 {[%emt 0:00:00]} e6 {[%emt 0:00:01]} 3. exd5 {[%emt 0:00:01]} exd5 {[%emt 0:00:01]} 4. Nf3 {[%emt 0:00:00]} c5 {[%emt 0:00:01]} 5. Be2 {[%emt 0:00:00]} Be6 {[%emt 0:00:01]} 6. O-O {[%emt 0:00:00]} Nc6 {[%emt 0:00:01]} 7. c3 {[%emt 0:00:00]} Bd6 {[%emt 0:00:01]} 8. Re1 {[%emt 0:00:00]} Qc7 {[%emt 0:00:01]} 9. d4 {[%emt 0:00:00]} O-O-O {[%emt 0:00:01]} 10. Bg5 {[%emt 0:00:01]} Rf8 {[%emt 0:00:02]} 11. Na3 {[%emt 0:00:02]} a6 {[%emt 0:00:02]} 12. Bh4 {[%emt 0:00:01]} f6 {[%emt 0:00:00]} 13. Bg3 {[%emt 0:00:01]} h5 {[%emt 0:00:02]} 14. Bxd6 {[%emt 0:00:02]} Qxd6 {[%emt 0:00:01]} 15. dxc5 {[%emt 0:00:01]} Qc7 {[%emt 0:00:02]} 16. b4 {[%emt 0:00:01]} Nh6 {[%emt 0:00:03]} 17. Nc2 {[%emt 0:00:01]} Ng4 {[%emt 0:00:01]} 18. h3 {[%emt 0:00:01]} g5 {[%emt 0:00:02]} 19. Ncd4 {[%emt 0:00:01]} Nce5 {[%emt 0:00:02]} 20. Nxe6 {[%emt 0:00:04]} Qe7 {[%emt 0:00:07]} 21. Ned4 {[%emt 0:00:06]} Rfg8 {[%emt 0:00:04]} 22. b5 {[%emt 0:00:04]} Nxf3+ {[%emt 0:00:03]} 23. Bxf3 {[%emt 0:00:03]} Qc7 {[%emt 0:00:01]} 24. Bxg4+ {[%emt 0:00:03]} hxg4 {[%emt 0:00:02]} 25. Qxg4+ {[%emt 0:00:01]} Kb8 {[%emt 0:00:01]} 26. b6 {[%emt 0:00:01]} Qh7 {[%emt 0:00:06]} 27. Re6 {[%emt 0:00:01]} f5 {[%emt 0:00:01]} 28. Nxf5 {[%emt 0:00:02]} Rf8 {[%emt 0:00:01]} 29. Nd4 {[%emt 0:00:01]} Rf4 {[%emt 0:00:02]} 30. Rae1 {[%emt 0:00:01]} Rxg4 {[%emt 0:00:01] Time Time Time Time Time (Lag: Av=0.32s, max=0.9s) (Lag: Av=0.32s, max=0.9s) (Lag: Av=0.32s, max=0.9s) (Lag: Av=0.32s, max=0.9s) (Lag: Av=0.32s, max=0.9s)} 0-1

[Event "Stay Safe Play From Home 365"]
[Site "Emanuel Lasker Arena"]
[Date "2020.08.07"]
[Round "1"]
[White "Buzaglo"]
[Black "Lazieri3"]
[Result "1/2-1/2"]
[WhiteElo "1814"]
[BlackElo "2037"]
[Annotator "TA"]
[PlyCount "112"]
[EventDate "2020.08.07"]
[EventType "swiss (blitz)"]

{[%evp 9,111,11,65,12,42,8,6,4,0,6,12,5,8,-10,-18,-109,-114,-122,-92,-150,-147,-251,-251,-248,-253,-250,-236,-240,-239,-233,-231,-271,-236,-831,-234,-231,-215,-220,-214,-240,-230,-260,-247,-283,-276,-388,-375,-383,-350,-427,-402,-542,-581,-591,-575,-580,-567,-579,-577,-732,-722,-714,-712,-725,-725,-715,-709,-845,-836,-819,-803,-964,-774,-1158,-1128,-1246,-1216,-2033,-1897,-3424,-3434,-3024,-2939,-2535,-2474,-12827,-1681,-12829,-2501,-12835,-12835,-29991,-29992,-29992,-29992,-29993,-29994,-29995,-29996,-29997,-29997,-29997,-29997,-29999]} 1. d4 c6 2. Nf3 d5 3. g3 Nf6 4. Bg2 Bf5 5. O-O Qc8 ({Black should try} 5... e6 $11) 6. Nbd2 {D02: 1 d4 d5 2 Nf3 sidelines, including 2...Nf6 3 g3 and 2...Nf6 3 Bf4.} (6. c4 $14) 6... Bh3 {[#]} 7. Ng5 $146 ({Predecessor:} 7. Re1 Bxg2 8. Kxg2 e6 9. e4 dxe4 10. Nxe4 Nxe4 11. Rxe4 Be7 12. Bg5 Qd8 13. Bxe7 Qxe7 {½-½ (50) Marret,C (1565)-Criado Riesgo,M (1665) Collado Villalba 2018}) 7... Bxg2 8. Kxg2 {The position is equal.} h6 9. Ngf3 e6 10. c4 Nbd7 11. cxd5 exd5 12. b4 (12. Re1 $11) 12... Bxb4 $17 13. a3 Bd6 14. Rb1 (14. Nh4 $142) 14... O-O 15. Ne5 (15. a4 $17 {was necessary.}) 15... Nxe5 $19 16. dxe5 Bxe5 17. Nf3 Bd6 18. Qd4 Ne4 19. Bb2 {[%csl Gb2][%cal Rd4g7] [#]} f6 20. Nd2 Be5 21. Qb4 $2 (21. Qd3) 21... Nxd2 $2 (21... a5 22. Qxf8+ Qxf8 23. Nxe4 Bxb2 24. Rxb2 dxe4) 22. Qxd2 Bxb2 23. Rxb2 b6 24. Rc1 Qe6 25. Rbc2 c5 26. Qf4 d4 27. f3 (27. Qf3 $142) 27... Rfe8 28. Qd2 Qe3 29. Qxe3 Rxe3 {[%mdl 4096] Endgame KRR-KRR} (29... dxe3 $2 30. f4 $19) 30. Kf2 Rxa3 31. Rb1 Re8 32. Rcb2 Ree3 33. h4 h5 34. g4 hxg4 35. fxg4 Rh3 36. h5 Rh2+ 37. Kg1 Rh4 38. Kg2 Rxg4+ 39. Kf2 Rf4+ 40. Ke1 Rh4 41. Kd2 Rxh5 42. Rg1 Rh2 43. Rbb1 d3 44. Rbe1 Rxe2+ 45. Rxe2 dxe2 46. Kxe2 {KR-KR} c4 47. Rg4 c3 48. Kd1 b5 {[%cal Bb6b5,Bb5b4][%mdl 32]} 49. Kc2 a5 50. Rg5 fxg5 {KR-K. Black mates.} 51. Kd3 b4 52. Ke4 c2 53. Kf5 c1=Q 54. Kg4 Qc5 55. Kh5 Rh3+ 56. Kg6 Rh4 {White did not feel at home in the position after the opening. Accuracy: White = 37%, Black = 80%.} 1/2-1/2

[Event "Stay Safe Play From Home 365"]
[Site "Emanuel Lasker Arena"]
[Date "2020.08.07"]
[Round "1"]
[White "Oznog"]
[Black "SoulofWolf"]
[Result "1-0"]
[WhiteElo "1771"]
[BlackElo "2229"]
[Annotator "TA"]
[PlyCount "73"]
[EventDate "2020.08.07"]
[EventType "swiss (blitz)"]

{[%evp 9,72,26,61,56,100,83,77,78,105,96,100,71,57,53,80,88,83,58,69,-7,10,7,8,0,0,-26,0,-41,-25,-306,-308,-462,-454,-429,-198,-189,-97,-101,-97,-492,-482,-480,-477,-541,-530,-543,-527,-29995,-756,-814,-814,-785,-785,-695,-689,-983,1702,1591,29990,3004,29990,29987,29998,29989,29999]} 1. e4 d5 2. exd5 Nf6 3. d4 Nxd5 4. c4 Nf6 5. Nc3 Bg4 6. Nf3 {[#] B01: Scandinavian Defence.} Qc8 $146 ({Predecessor:} 6... e6 7. Be2 Be7 8. h3 Bh5 9. O-O c6 10. Bf4 O-O 11. Qd2 Nbd7 12. Rfd1 Nb6 13. Qe3 Re8 14. Rac1 a5 15. Bf1 a4 16. g4 Bg6 17. Ne5 a3 {1-0 (40) Perunovic,M (2550)-Kalezic,B (2442) Sozina 2004}) 7. Be2 e6 8. O-O {White is better.} Nbd7 9. d5 Bb4 10. dxe6 Bxe6 11. Nd4 O-O 12. Nxe6 fxe6 13. Qb3 a5 14. a4 (14. Be3 $14) 14... Nc5 15. Qc2 c6 16. Bg5 e5 17. Rfd1 Qe6 18. b3 Rae8 19. Bf3 $2 {[%mdl 8192]} (19. Na2 $11 {and White has nothing to worry.}) 19... e4 $19 20. Re1 (20. Be2 {might work better.} Qe5 21. Bd2) 20... Qf5 21. Bxf6 Rxf6 (21... Qxf6 $142 22. Bxe4 Qxc3 23. Bxh7+ {[#]} Kh8 $1 {[%mdl 512]} 24. Qxc3 Bxc3 25. Rxe8 Rxe8) 22. Bxe4 Nxe4 (22... Rfe6 $19 {[%cal Rc5e4]} 23. f3 Qf6) 23. Nxe4 $17 Bxe1 24. Nxf6+ $4 {[%mdl 8192]} (24. Rxe1 $17 Rd6 25. f3) 24... Qxf6 $19 25. Rd1 Bb4 26. Qd3 h6 27. h3 Bc5 28. g3 Rf8 (28... Qxf2+ $142 29. Kh1 Re1+ {[%mdl 64] Back Rank} 30. Rxe1 Qxe1+ 31. Kg2 Qf2+ 32. Kh1 Qg1#) 29. Rd2 Bxf2+ 30. Kg2 Bc5 31. Qe2 Rf7 32. Rc2 Qe6 $4 {[%mdl 8192]} (32... Qa1 $19 33. h4 Qg1+ 34. Kh3 Bf2 35. Qe8+ Rf8 36. Qe6+ Kh8 37. Rxf2 Qxf2) 33. Qxe6 $18 {[#] Rd2 would kill now.} Kf8 34. b4 (34. Qc8+ $142 Ke7 35. Re2+ Be3 36. Rxe3+ Kd6 37. Qe6+ {[%mdl 64] Double Attack} Kc5 38. Qxf7 {[%mdl 64] Double Attack} Kb4 39. Qf8+ c5 40. Qxg7 {[%mdl 64] Double Attack} Ka3 41. Qc3 h5 42. Re1 b6 43. Ra1#) 34... axb4 35. Rd2 {[%cal Rd2d8] White mates.} Be7 36. Rd7 Bd8 37. Rxd8# {Accuracy: White = 47%, Black = 55%.} 1-0

[Event "Stay Safe Play From Home 365"]
[Site "Emanuel Lasker Arena"]
[Date "2020.08.07"]
[Round "1"]
[White "Ao017545"]
[Black "Sfantul321"]
[Result "1-0"]
[WhiteElo "1718"]
[BlackElo "1983"]
[Annotator "NA"]
[PlyCount "29"]
[EventDate "2020.08.07"]
[EventType "swiss (blitz)"]

1. e4 {[%emt 0:00:02]} g6 {[%emt 0:00:01]} 2. Nf3 {[%emt 0:00:00]} Bg7 {[%emt 0:00:00]} 3. Bc4 {[%emt 0:00:01]} c5 {[%emt 0:00:01]} 4. Ng5 {[%emt 0:00:00]} e6 {[%emt 0:00:00]} 5. d3 {[%emt 0:00:02]} d5 {[%emt 0:00:01]} 6. Qf3 {[%emt 0:00:01]} Nf6 {[%emt 0:00:01]} 7. e5 {[%emt 0:00:02]} dxc4 {[%emt 0:00:02]} 8. exf6 {[%emt 0:00:05]} Bxf6 {[%emt 0:00:01]} 9. Ne4 {[%emt 0:00:03]} Bg7 {[%emt 0:00:02]} 10. Bg5 {[%emt 0:00:05]} Qa5+ {[%emt 0:00:05]} 11. b4 {[%emt 0:00:04]} Qxb4+ {[%emt 0:00:03]} 12. c3 {[%emt 0:00:00]} Qb2 {[%emt 0:00:02]} 13. Nf6+ {[%emt 0:00:03]} Kf8 {[%emt 0:00:04]} 14. Qf4 {[%emt 0:00:07]} Qxa1 {[%emt 0:00:06]} 15. Qd6# {[%emt 0:00:00] (Lag: Av=0.60s, max=2.1s) (Lag: Av=0.60s, max=2.1s) (Lag: Av=0.60s, max=2.1s) (Lag: Av=0.60s, max=2.1s) (Lag: Av=0.60s, max=2.1s)} 1-0

[Event "Stay Safe Play From Home 365"]
[Site "Emanuel Lasker Arena"]
[Date "2020.08.07"]
[Round "1"]
[White "Dreamsoldier"]
[Black "Stefanone"]
[Result "0-1"]
[WhiteElo "1267"]
[BlackElo "1953"]
[Annotator "TA"]
[PlyCount "62"]
[EventDate "2020.08.07"]
[EventType "swiss (blitz)"]

{[%evp 9,61,32,24,30,27,15,41,-33,6,-47,31,-406,-412,-708,-375,-634,-466,-621,-471,-487,-423,-573,-416,-528,-505,-986,-545,-525,-508,-647,-634,-29990,-521,-29987,-440,-445,-419,-548,-444,-453,-457,-870,-831,-781,-782,-772,-777,-1093,-866,-1251,-1133,-29999,-29999,-29999]} 1. e4 e6 2. Nf3 b6 3. d4 Bb7 4. Bd3 Nf6 5. Bg5 Be7 6. e5 {B00: Queen's Fianchetto Defence, Nimzowitsch Defence.} Nd5 7. Bxe7 Qxe7 {[#]} 8. Nbd2 $146 (8. Be4 $14) ({Predecessor:} 8. Qd2 O-O 9. a3 f6 10. c4 fxe5 11. cxd5 exd4 12. dxe6 Bxf3 13. gxf3 Rxf3 14. Be4 Qxe6 {1-0 (40) Yildiz,M-Gunay,O Antalya 2013}) 8... O-O 9. c4 ({Better is} 9. Be4 $11) 9... Nb4 (9... Nf4 $15 10. Qc2 f5) 10. O-O $2 {[%mdl 8192]} (10. Bb1 $14 {stays ahead.}) 10... Nxd3 $19 11. Ne4 (11. Qb3 $142 Nf4 12. Qe3) 11... Nf4 12. Ng3 $2 (12. Re1) 12... Ng6 13. Qd2 d6 14. exd6 cxd6 15. Rfe1 Nc6 16. d5 Nce5 17. dxe6 (17. Nxe5 $142 Nxe5 18. b3) 17... fxe6 18. Nxe5 Nxe5 19. Qd4 Qf6 {Threatens to win with ...Nf3+!} 20. f3 {[#]} Rad8 (20... Nxf3+ $142 $1 21. Kh1 (21. gxf3 Qxd4+) 21... Qxd4 22. Re2 Qh4 23. Nf1 Nd4 24. Rd2 Rf2 25. Ne3 Rxd2 26. Rf1 Bxg2+ $1 {[%mdl 512]} 27. Kg1 Bxf1 28. Nxf1 Qf2+ 29. Kh1 Qxf1#) 21. Ne4 {[#]} Bxe4 (21... Nxf3+ $142 $1 22. gxf3 Qxd4+ 23. Kg2 Bxe4 24. Rxe4 Qxb2+ {[%mdl 64] Double Attack} 25. Kg3 Qxa1 26. Kf2 {[#]} Rxf3+ $1 {[%mdl 576] Clearance} 27. Kxf3 Rf8+ 28. Ke2 Qb2+ 29. Kd3 Rf2 30. Rg4 Qd2+ 31. Ke4 Re2+ 32. Kf3 Qe3#) 22. Rxe4 Nc6 23. Qe3 e5 24. Re1 Nd4 25. Rg4 (25. Rc1 $142) 25... Nc2 {[%mdl 64] Double Attack} 26. Qe2 Nxe1 27. Qxe1 Rde8 28. Qb4 h5 29. Rg3 e4 {( -> ...Qd4+)} 30. fxe4 Qf2+ 31. Kh1 Qf1# {White got outplayed after the opening. Accuracy: White = 12%, Black = 26%.} 0-1